Quality management and beyond : the current situation and future perspectives /
Guardat en:
| Altres autors: | |
|---|---|
| Format: | Electrònic eBook |
| Idioma: | anglès |
| Publicat: |
[Girona] :
Documenta Universitaria,
[2012]
|
| Col·lecció: | UdG publicacions. GITASP ;
8. |
| Matèries: | |
| Accés en línia: | Digitalia Hispánica |
| Etiquetes: |
Afegir etiqueta
Sense etiquetes, Sigues el primer a etiquetar aquest registre!
|
MARC
| LEADER | 00000nam a2200000Ii 4500 | ||
|---|---|---|---|
| 001 | DIGDOCUES0020 | ||
| 003 | NyNyDIG | ||
| 006 | m o d | ||
| 007 | cr ||||||||||| | ||
| 008 | 230312s2012 sp ob 000 0 eng d | ||
| 035 | |a (OCoLC)1374238421 | ||
| 040 | |a DGITA |b eng |e rda |e pn |c DGITA | ||
| 020 | |a 9788499840796 |q eBook | ||
| 020 | |z 9788499841427 | ||
| 050 | 1 | 4 | |a TS156 ebook |
| 082 | 0 | 4 | |a 658.562 |
| 245 | 0 | 0 | |a Quality management and beyond : |b the current situation and future perspectives / |c Merce Bernardo (ed.) |
| 264 | 1 | |a [Girona] : |b Documenta Universitaria, |c [2012] | |
| 300 | |a 1 online resource. | ||
| 336 | |a text |b txt |2 rdacontent | ||
| 337 | |a computer |b c |2 rdamedia | ||
| 338 | |a online resource |b cr |2 rdacarrier | ||
| 347 | |a text file |2 rdaft | ||
| 347 | |b EPUB | ||
| 490 | 1 | |a UdG publicacions. GITASP ; |v 8 | |
| 504 | |a Includes bibliographical references. | ||
| 588 | 0 | |a Online resource; title from ePub title page (Digitalia, viewed March 12, 2023) | |
| 650 | 0 | |a Quality control |x Standards. | |
| 700 | 1 | |a Bernardo, Mercè, |e editor. | |
| 791 | 2 | |a Digitalia (Firm), |e distributor. | |
| 793 | 0 | |g Digitalia eBook Collection: |a Documenta Universitaria | |
| 776 | 0 | 8 | |i Print version: |t Quality management and beyond. |d [Girona] : Documenta Universitaria, [2012] |z 9788499841427 |
| 830 | 0 | |a UdG publicacions. |p GITASP ; |v 8. | |
| 856 | 4 | 0 | |3 Digitalia Hispánica |u https://digitalia.unach.elogim.com/a/45445/ |
| 910 | |a Premium collection: 2023 | ||